00785nam a2200229Ia 4500008004100000020002000041050001700061050001400078100002100092245004500113245007500158245003900233260001600272260003400288260000900322300001600331300001100347500002000358650004300378999001900421952011500440180523s9999 xx 000 0 und d a978-0-321-36578 aMAIN PE 1408 b.R83 2006 aRude, Carolyn D. 4aThe Longman guide to technical editing : 2ba comprehensive reference guide for editors and information managers / 0cCarolyn D. Rude with David Dayton. aSingapore : bPearson Education South Asia, c2006 a308 pages : c23 cm. aIncludes index. aEnglish language -- Technical English. c357380d357380 001040aSMCbSMCcMAINd2005-03-07l0oMAIN PE 1408 .R83 2006pSMC05012r2018-05-23 00:00:00w2018-05-23yBK